[Event "10. Open Pueblo Nuevo 2023"]
[Site "Madrid ESP"]
[Date "2023.09.27"]
[Round "5.5"]
[White "Garrido Olivares, Ricard"]
[Black "Sotoca Aguado, Jose"]
[Result "1-0"]
[WhiteElo "2164"]
[BlackElo "1667"]
[PlyCount "53"]
[EventDate "2023.09.23"]
[EventType "swiss"]
[EventRounds "9"]
[EventCountry "ESP"]
[SourceTitle "Ajedrez en Madrid"]
[Source "lmi"]
[SourceDate "2023.09.23"]
[SourceVersion "1"]
[SourceVersionDate "2023.10.01"]
[SourceQuality "1"]

1. c4 Nf6 2. Nf3 e6 3. g3 d5 4. Bg2 Be7 5. O-O O-O 6. d4 c6 7. b3 Nbd7 8. Bb2
Ne4 9. Nfd2 f5 10. f3 Nd6 11. e4 f4 12. Nc3 dxc4 13. bxc4 Qb6 14. Na4 Qa5 15.
c5 Ne8 16. Nc4 Qa6 17. Qb3 b5 18. cxb6 axb6 19. Naxb6 Nxb6 20. Nxb6 Rb8 21.
Nxc8 Rxb3 22. Nxe7+ Kf7 23. axb3 Qb6 24. Ba3 Nc7 25. Bc5 Qxb3 26. Nxc6 Rc8 27.
Ra7 1-0

[Event "10. Open Pueblo Nuevo 2023"]
[Site "Madrid ESP"]
[Date "2023.09.27"]
[Round "5.6"]
[White "Martin Garcia, Francisco Javier"]
[Black "Pena Hernandez, Francisco Javier"]
[Result "1/2-1/2"]
[WhiteElo "1560"]
[BlackElo "1769"]
[PlyCount "118"]
[EventDate "2023.09.23"]
[EventType "swiss"]
[EventRounds "9"]
[EventCountry "ESP"]
[SourceTitle "Ajedrez en Madrid"]
[Source "lmi"]
[SourceDate "2023.09.23"]
[SourceVersion "1"]
[SourceVersionDate "2023.10.01"]
[SourceQuality "1"]

1. d4 Nf6 2. Nf3 e6 3. g3 Be7 4. c4 d5 5. Bg2 O-O 6. O-O c6 7. Qc2 Ne4 8. Nfd2
f5 9. f3 Ng5 10. b3 dxc4 11. Qxc4 b6 12. Bb2 Ba6 13. Qc2 f4 14. Nc4 Qc7 15. g4
Nd7 16. Nbd2 b5 17. Ne5 Nxe5 18. dxe5 Qb6+ 19. Kh1 Rfd8 20. h4 Nf7 21. g5 Rac8
22. Ne4 Rd5 23. Bh3 c5 24. Rad1 Rcd8 25. Nd6 Bxd6 26. Rxd5 exd5 27. exd6 Qxd6
28. g6 Qxg6 29. Bf5 Qh5 30. Rf2 Bc8 31. Bxc8 Rxc8 32. Kg1 Rc6 33. Rg2 g6 34.
Rg4 Nh6 35. Rxf4 Nf5 36. Qd2 d4 37. Qa5 Rc8 38. Qxb5 Qh6 39. Qc4+ Kh8 40. Rxf5
gxf5 41. Bxd4+ cxd4 42. Qxc8+ Kg7 43. Qd7+ Kg6 44. Qxd4 Qc1+ 45. Kf2 Qh1 46.
Qd6+ Kh5 47. Qf4 Qxh4+ 48. Qxh4+ Kxh4 49. e3 Kg5 50. Kg3 f4+ 51. exf4+ Kf5 52.
a3 h5 53. b4 h4+ 54. Kxh4 Kxf4 55. a4 Kxf3 56. b5 Ke4 57. a5 Kd5 58. b6 Kc6 59.
bxa7 Kb7 1/2-1/2

[Event "10. Open Pueblo Nuevo 2023"]
[Site "Madrid ESP"]
[Date "2023.09.27"]
[Round "5.7"]
[White "Toledo Aguirre, Gonzalo"]
[Black "Castro Uceda, Jose Antonio"]
[Result "1-0"]
[WhiteElo "1752"]
[BlackElo "1523"]
[PlyCount "85"]
[EventDate "2023.09.23"]
[EventType "swiss"]
[EventRounds "9"]
[EventCountry "ESP"]
[SourceTitle "Ajedrez en Madrid"]
[Source "lmi"]
[SourceDate "2023.09.23"]
[SourceVersion "1"]
[SourceVersionDate "2023.10.01"]
[SourceQuality "1"]

1. d4 Nf6 2. c4 e6 3. Nc3 Bb4 4. e3 O-O 5. Nge2 Ne4 6. Qc2 d5 7. a3 Bxc3+ 8.
Nxc3 Nf6 9. Bd3 Nc6 10. cxd5 exd5 11. O-O Re8 12. Bd2 a6 13. Rac1 Qd6 14. f3
Be6 15. Na4 h6 16. Nc5 Rab8 17. Nxb7 Rxb7 18. Qxc6 Qxc6 19. Rxc6 Rxb2 20. Bc1
Rb7 21. Rxa6 Rb3 22. Bc2 Rc3 23. Ba4 Rc8 24. Rc6 Rxc6 25. Bxc6 Bd7 26. Bxd7
Nxd7 27. Bd2 Nb6 28. e4 Re8 29. Bb4 c6 30. Bc5 Nc4 31. e5 Rb8 32. Bb4 Ne3 33.
Rc1 Nc4 34. Kf2 Kh7 35. g4 Kg6 36. f4 h5 37. h3 hxg4 38. hxg4 Rb6 39. f5+ Kg5
40. Kg3 g6 41. Be7+ Kh6 42. Rh1+ Kg7 43. Bf6+ 1-0

[Event "10. Open Pueblo Nuevo 2023"]
[Site "Madrid ESP"]
[Date "2023.09.27"]
[Round "5.8"]
[White "Villodre Miranda, Juan Alonso"]
[Black "Barahona Torrijos, Angel"]
[Result "0-1"]
[WhiteElo "1507"]
[BlackElo "1745"]
[PlyCount "64"]
[EventDate "2023.09.23"]
[EventType "swiss"]
[EventRounds "9"]
[EventCountry "ESP"]
[SourceTitle "Ajedrez en Madrid"]
[Source "lmi"]
[SourceDate "2023.09.23"]
[SourceVersion "1"]
[SourceVersionDate "2023.10.01"]
[SourceQuality "1"]

1. c4 e6 2. Nc3 d5 3. cxd5 exd5 4. d4 Nf6 5. g3 Bb4 6. Bd2 O-O 7. Bg2 Bf5 8. h3
Nc6 9. a3 Bd6 10. e3 Re8 11. Nge2 Qd7 12. b4 Ne7 13. f3 c6 14. g4 Bd3 15. Kf2
Ng6 16. Nf4 Nxf4 17. exf4 Re7 18. Bc1 Bc4 19. Re1 Rae8 20. Rxe7 Rxe7 21. Bf1
Qc7 22. Bxc4 dxc4 23. Qd2 Nd5 24. Nxd5 cxd5 25. f5 c3 26. Qc2 Bxb4 27. Kg2 Qc4
28. Kg3 Bd6+ 29. Bf4 Bxf4+ 30. Kxf4 Qc7+ 31. Kg5 Qg3 32. f4 h6+ 0-1

[Event "10. Open Pueblo Nuevo 2023"]
[Site "Madrid ESP"]
[Date "2023.09.27"]
[Round "5.9"]
[White "Priego Moreno, Juan Manuel"]
[Black "Camarero Izquierdo, Juan Carlos"]
[Result "0-1"]
[WhiteElo "1469"]
[BlackElo "1721"]
[PlyCount "58"]
[EventDate "2023.09.23"]
[EventType "swiss"]
[EventRounds "9"]
[EventCountry "ESP"]
[SourceTitle "Ajedrez en Madrid"]
[Source "lmi"]
[SourceDate "2023.09.23"]
[SourceVersion "1"]
[SourceVersionDate "2023.10.01"]
[SourceQuality "1"]

1. e4 c5 2. Nf3 d6 3. d4 cxd4 4. Nxd4 Nf6 5. Nc3 a6 6. Be3 e6 7. a3 Nbd7 8. Bc4
Qc7 9. Ba2 b5 10. O-O Bb7 11. f3 Rc8 12. Qd2 Nb6 13. Rad1 Nc4 14. Bxc4 Qxc4 15.
Kh1 b4 16. Na4 Qc7 17. axb4 d5 18. exd5 Nxd5 19. c3 Bd6 20. f4 O-O 21. h3 e5
22. fxe5 Bxe5 23. Nc5 Ba8 24. Nxa6 Qb7 25. Nc5 Rxc5 26. bxc5 Nxe3 27. c6 Nxf1
28. cxb7 Nxd2 29. bxa8=Q Rxa8 0-1

[Event "10. Open Pueblo Nuevo 2023"]
[Site "Madrid ESP"]
[Date "2023.09.27"]
[Round "5.10"]
[White "Martinez Miura, Enrique"]
[Black "De la Torre Campo, Rafael"]
[Result "1/2-1/2"]
[WhiteElo "1473"]
[BlackElo "1719"]
[PlyCount "120"]
[EventDate "2023.09.23"]
[EventType "swiss"]
[EventRounds "9"]
[EventCountry "ESP"]
[SourceTitle "Ajedrez en Madrid"]
[Source "lmi"]
[SourceDate "2023.09.23"]
[SourceVersion "1"]
[SourceVersionDate "2023.10.01"]
[SourceQuality "1"]

1. e4 c5 2. c4 d6 3. Nc3 g6 4. g3 Nc6 5. Bg2 Bg7 6. Nge2 Nh6 7. O-O O-O 8. d3
f5 9. f4 fxe4 10. dxe4 Be6 11. Nd5 Nd4 12. h3 Bxd5 13. exd5 Nhf5 14. Rb1 Nxe2+
15. Qxe2 Nxg3 16. Qe6+ Kh8 17. Rf3 Nf5 18. Qe4 Qd7 19. b4 cxb4 20. Rxb4 Rac8
21. Bb2 Rc5 22. Bxg7+ Kxg7 23. Bf1 Ra5 24. Qc2 Kg8 25. Qb2 b6 26. Qf2 Qc7 27.
Kh2 Qc5 28. Qb2 Nh4 29. Rf2 Qe3 30. Rb3 Qe4 31. Qd2 Nf5 32. Bd3 Qd4 33. Bxf5
Qxd2 34. Be6+ Kg7 35. Rxd2 Rxf4 36. Rc3 Rc5 37. Rdc2 g5 38. Bd7 Kf6 39. Bb5 e6
40. dxe6 Kxe6 41. Re2+ Re5 42. Rce3 Rf2+ 43. Rxf2 Rxe3 44. a4 d5 45. cxd5+ Kxd5
46. Rf5+ Re5 47. Rf7 h5 48. Rxa7 g4 49. hxg4 hxg4 50. Kg3 Kc5 51. Kxg4 Kb4 52.
Rb7 Ka5 53. Kf4 Re1 54. Rc7 Rd1 55. Ke4 Rd2 56. Rc4 Rd1 57. Rd4 Rc1 58. Kd5
Rc5+ 59. Kd6 Rc8 60. Kd7 Rd8+ 1/2-1/2

[Event "10. Open Pueblo Nuevo 2023"]
[Site "Madrid ESP"]
[Date "2023.09.27"]
[Round "5.11"]
[White "Perez Pascual, Arturo"]
[Black "Lopez Guitian, Juan J."]
[Result "1-0"]
[WhiteElo "1616"]
[BlackElo "1468"]
[PlyCount "102"]
[EventDate "2023.09.23"]
[EventType "swiss"]
[EventRounds "9"]
[EventCountry "ESP"]
[SourceTitle "Ajedrez en Madrid"]
[Source "lmi"]
[SourceDate "2023.09.23"]
[SourceVersion "1"]
[SourceVersionDate "2023.10.01"]
[SourceQuality "1"]

1. e4 e5 2. Nf3 Nc6 3. Bb5 Nf6 4. d4 exd4 5. O-O Bc5 6. e5 Ng4 7. Bg5 Be7 8.
Bxe7 Qxe7 9. h3 Nh6 10. Nxd4 O-O 11. Re1 Qc5 12. Bxc6 bxc6 13. Nb3 Qe7 14. N1d2
a5 15. Qf3 a4 16. Nd4 Rb8 17. b3 Bb7 18. Qh5 c5 19. N4f3 Qe6 20. Ne4 Bxe4 21.
Rxe4 axb3 22. axb3 Qg6 23. Qh4 Nf5 24. Qf4 h6 25. Rd1 Qe6 26. g4 Ne7 27. Qd2
Rbd8 28. c4 f5 29. Rf4 g5 30. gxf5 Qc6 31. Nxg5 hxg5 32. Rg4 Rxf5 33. Rxg5+
Rxg5+ 34. Qxg5+ Qg6 35. h4 Qxg5+ 36. hxg5 Kf7 37. Kg2 Ke6 38. f4 Rf8 39. Kg3
Nf5+ 40. Kf3 Nd4+ 41. Kg4 Nxb3 42. Rh1 Nd4 43. Rh6+ Ke7 44. Rh7+ Rf7 45. g6 Ne6
46. Rxf7+ Ke8 47. f5 Nf8 48. Kh5 c6 49. Rg7 Kd8 50. Rg8 Ke7 51. f6+ Ke8 1-0

[Event "10. Open Pueblo Nuevo 2023"]
[Site "Madrid ESP"]
[Date "2023.09.27"]
[Round "5.12"]
[White "Becerra Baigorri, Jose"]
[Black "Veuthey Martinez, Eloy"]
[Result "1-0"]
[WhiteElo "1494"]
[BlackElo "1462"]
[PlyCount "107"]
[EventDate "2023.09.23"]
[EventType "swiss"]
[EventRounds "9"]
[EventCountry "ESP"]
[SourceTitle "Ajedrez en Madrid"]
[Source "lmi"]
[SourceDate "2023.09.23"]
[SourceVersion "1"]
[SourceVersionDate "2023.10.01"]
[SourceQuality "1"]

1. e4 d6 2. d4 Nf6 3. Nc3 e5 4. Nf3 Nbd7 5. Bc4 Be7 6. O-O O-O 7. Be3 Ng4 8.
Bd2 Ngf6 9. Qe2 c6 10. Rad1 exd4 11. Nxd4 Re8 12. Nf3 d5 13. exd5 Bf8 14. Be3
Bc5 15. dxc6 bxc6 16. Qd3 Bxe3 17. fxe3 Qb6 18. Nd4 Ne5 19. Qe2 Bg4 20. Nf3
Nxc4 21. Qxc4 Rxe3 22. Qd4 Bxf3 23. Qxb6 axb6 24. Rxf3 Rxf3 25. gxf3 h6 26. Rd6
Rc8 27. Na4 Ra8 28. Nc3 Rc8 29. a3 Kf8 30. Kf2 Ke7 31. Rd2 Nd7 32. Ne4 Ne5 33.
b3 b5 34. Nc5 Ra8 35. a4 bxa4 36. Nxa4 Nd7 37. Rxd7+ Kxd7 38. Nb6+ Kc7 39.
Nxa8+ Kb7 40. Ke3 Kxa8 41. Kd4 Kb7 42. Ke4 Kc7 43. b4 Kd7 44. c4 Ke7 45. b5
cxb5 46. cxb5 g6 47. b6 f6 48. Kd5 Kd7 49. b7 Kc7 50. Ke6 f5 51. Kf6 h5 52.
Kxg6 h4 53. Kxf5 Kxb7 54. Kg4 1-0

[Event "10. Open Pueblo Nuevo 2023"]
[Site "Madrid ESP"]
[Date "2023.09.28"]
[Round "6.1"]
[White "Mkrtchyan, Levon"]
[Black "Martinez Ramirez, Lennis"]
[Result "1/2-1/2"]
[WhiteElo "2233"]
[BlackElo "2464"]
[PlyCount "117"]
[EventDate "2023.09.23"]
[EventType "swiss"]
[EventRounds "9"]
[EventCountry "ESP"]
[SourceTitle "Ajedrez en Madrid"]
[Source "lmi"]
[SourceDate "2023.09.23"]
[SourceVersion "1"]
[SourceVersionDate "2023.10.01"]
[SourceQuality "1"]

1. e4 c6 2. d4 d5 3. Nc3 dxe4 4. Nxe4 Bf5 5. Ng3 Bg6 6. Nh3 e6 7. Nf4 Bd6 8. c3
Nf6 9. h4 Bxf4 10. Bxf4 h6 11. h5 Bh7 12. Bd3 Bxd3 13. Qxd3 Qd5 14. f3 Nbd7 15.
c4 Qa5+ 16. Qd2 Qxd2+ 17. Kxd2 b5 18. c5 O-O-O 19. Bd6 Nb6 20. b3 Nbd5 21. Ne4
Ne8 22. Bg3 Ndf6 23. Ke3 Nd5+ 24. Kd2 Ne7 25. Kc3 Rg8 26. a4 Nd5+ 27. Kd3 b4
28. Rh2 f6 29. Re1 Kd7 30. Reh1 Ke7 31. Nd2 g5 32. hxg6 Rxg6 33. Nf1 e5 34.
Rxh6 Rxh6 35. Rxh6 Ndc7 36. Rh7+ Kf8 37. Bf2 exd4 38. Bxd4 Ne6 39. Rh4 f5 40.
Ne3 f4 41. Nc2 Nxc5+ 42. Kc4 Ne6 43. Bxa7 c5 44. Bxc5+ Nxc5 45. Rxf4+ Ke7 46.
Kxc5 Rc8+ 47. Kb6 Rxc2 48. Rxb4 Nf6 49. Rd4 Nd7+ 50. Kb5 Rxg2 51. a5 Rg5+ 52.
Kb4 Ne5 53. Kc5 Nxf3+ 54. Rd5 Rg6 55. b4 Ng5 56. Re5+ Kd7 57. b5 Ne6+ 58. Kb6
Kc8 59. a6 1/2-1/2

[Event "10. Open Pueblo Nuevo 2023"]
[Site "Madrid ESP"]
[Date "2023.09.28"]
[Round "6.2"]
[White "Martinez Fernandez, Raul"]
[Black "Rottenwohrer Suarez, Juan"]
[Result "1/2-1/2"]
[WhiteElo "2228"]
[BlackElo "2281"]
[PlyCount "111"]
[EventDate "2023.09.23"]
[EventType "swiss"]
[EventRounds "9"]
[EventCountry "ESP"]
[SourceTitle "Ajedrez en Madrid"]
[Source "lmi"]
[SourceDate "2023.09.23"]
[SourceVersion "1"]
[SourceVersionDate "2023.10.01"]
[SourceQuality "1"]

1. e4 c5 2. Nf3 Nc6 3. d4 cxd4 4. Nxd4 Nf6 5. Nc3 e5 6. Ndb5 d6 7. Bg5 a6 8.
Na3 b5 9. Bxf6 gxf6 10. Nd5 f5 11. g3 Bg7 12. exf5 Bxf5 13. Bg2 Rc8 14. c3 O-O
15. Nc2 Be6 16. a4 bxa4 17. Rxa4 a5 18. Nce3 Rb8 19. Nc4 f5 20. Qa1 e4 21. Nde3
d5 22. Nxa5 Nxa5 23. Rxa5 Rxb2 24. Ra3 Rb8 25. O-O f4 26. gxf4 Rxf4 27. Rb1 Rc8
28. Rb7 Qh4 29. Rxg7+ Kxg7 30. c4+ Kg8 31. Nxd5 Bxd5 32. Rg3+ Rg4 33. cxd5 Qg5
34. Qd4 Rc1+ 35. Bf1 Rxg3+ 36. hxg3 Qf5 37. d6 Qb5 38. Kh2 Rxf1 39. g4 e3 40.
Qxe3 Qd5 41. Qe8+ Kg7 42. Qe7+ Kg6 43. Qe8+ Kf6 44. Qe7+ Kg6 45. Qe8+ Qf7 46.
d7 Rd1 47. d8=Q Rxd8 48. Qxd8 Qxf2+ 49. Kh3 Qf3+ 50. Kh2 Qf2+ 51. Kh3 Qe3+ 52.
Kh2 Qf2+ 53. Kh3 Qf3+ 54. Kh2 Qf4+ 55. Kh3 Qf3+ 56. Kh2 1/2-1/2

[Event "10. Open Pueblo Nuevo 2023"]
[Site "Madrid ESP"]
[Date "2023.09.28"]
[Round "6.3"]
[White "Elissalt Cardenas, Hector"]
[Black "Pinto, Daniel"]
[Result "0-1"]
[WhiteElo "2329"]
[BlackElo "2274"]
[PlyCount "118"]
[EventDate "2023.09.23"]
[EventType "swiss"]
[EventRounds "9"]
[EventCountry "ESP"]
[SourceTitle "Ajedrez en Madrid"]
[Source "lmi"]
[SourceDate "2023.09.23"]
[SourceVersion "1"]
[SourceVersionDate "2023.10.01"]
[SourceQuality "1"]

1. c4 c5 2. Nc3 Nc6 3. g3 g6 4. Bg2 Bg7 5. Nf3 e5 6. a3 a5 7. d3 Nge7 8. Nd2 d6
9. Nf1 O-O 10. Ne3 Rb8 11. Rb1 Bd7 12. Ned5 Nxd5 13. Nxd5 b5 14. Nc3 b4 15. Nb5
Nd4 16. a4 Bc6 17. Bxc6 Nxc6 18. O-O Qd7 19. e4 f5 20. f3 Rf7 21. b3 Rbf8 22.
Kg2 Nd8 23. Qe2 Ne6 24. Bd2 Bf6 25. Bh6 Re8 26. Bd2 Bd8 27. Rh1 Bg5 28. Bxg5
Nxg5 29. h4 fxe4 30. fxe4 Nf3 31. Qe3 Ref8 32. Rb2 Rf6 33. Ra2 Qg4 34. Rh3 h5
35. Rb2 R8f7 36. Ra2 Kh7 37. Rb2 Kg7 38. Ra2 Nd4 39. Nxd4 cxd4 40. Qe2 Qxe2+
41. Rxe2 Rf3 42. Rd2 Re3 43. g4 Rxh3 44. Kxh3 Rf3+ 45. Kg2 hxg4 46. c5 dxc5 47.
Rc2 Rxd3 48. Rxc5 Rxb3 49. Rxe5 Re3 50. Rxa5 Rxe4 51. Rd5 b3 52. Rb5 d3 53.
Rxb3 Rd4 54. Rb1 Rxa4 55. Rb7+ Kf6 56. Rd7 Ra3 57. Kg3 Kf5 58. Rd5+ Ke4 59. Rd8
d2+ 0-1

[Event "10. Open Pueblo Nuevo 2023"]
[Site "Madrid ESP"]
[Date "2023.09.28"]
[Round "6.4"]
[White "Camarero Izquierdo, Juan Carlos"]
[Black "Longa Yauca, Javier"]
[Result "0-1"]
[WhiteElo "1721"]
[BlackElo "2197"]
[PlyCount "84"]
[EventDate "2023.09.23"]
[EventType "swiss"]
[EventRounds "9"]
[EventCountry "ESP"]
[SourceTitle "Ajedrez en Madrid"]
[Source "lmi"]
[SourceDate "2023.09.23"]
[SourceVersion "1"]
[SourceVersionDate "2023.10.01"]
[SourceQuality "1"]

1. e4 d6 2. d4 g6 3. Nc3 Bg7 4. Be3 e6 5. Qd2 Ne7 6. Bh6 Bxh6 7. Qxh6 Ng8 8.
Qe3 h6 9. f4 c6 10. Nf3 Ne7 11. Bd3 b5 12. e5 d5 13. Ne2 a6 14. Ng3 Nd7 15. h4
Nf5 16. Qf2 Qa5+ 17. c3 b4 18. Ne2 h5 19. Bxf5 gxf5 20. O-O Rg8 21. Ng5 c5 22.
Qf3 Rh8 23. Ng3 Qb6 24. Rfd1 a5 25. Kh2 f6 26. Nh3 bxc3 27. bxc3 Qd8 28. Nxh5
fxe5 29. Ng5 e4 30. Ng7+ Ke7 31. Qg3 Nf6 32. Rab1 Qc7 33. dxc5 Ng4+ 34. Kh3
Qxc5 35. Rb3 Kf6 36. Rdb1 Ra7 37. N7xe6 Bxe6 38. Rb6 Re7 39. Ra6 Qf2 40. Rbb6
Qg1 41. Nf3 exf3 42. gxf3 Qh1+ 0-1

[Event "10. Open Pueblo Nuevo 2023"]
[Site "Madrid ESP"]
[Date "2023.09.28"]
[Round "6.5"]
[White "Barahona Torrijos, Angel"]
[Black "Martin Arbeloa, Fernando"]
[Result "1-0"]
[WhiteElo "1745"]
[BlackElo "1873"]
[PlyCount "105"]
[EventDate "2023.09.23"]
[EventType "swiss"]
[EventRounds "9"]
[EventCountry "ESP"]
[SourceTitle "Ajedrez en Madrid"]
[Source "lmi"]
[SourceDate "2023.09.23"]
[SourceVersion "1"]
[SourceVersionDate "2023.10.01"]
[SourceQuality "1"]

1. d4 Nf6 2. Nf3 e6 3. Bg5 h6 4. Bf4 c5 5. c3 Nc6 6. Nbd2 d5 7. h3 Qb6 8. Qb3
Be7 9. Qxb6 axb6 10. e3 c4 11. g4 b5 12. Bg2 b4 13. Ke2 bxc3 14. bxc3 Ra3 15.
Rhc1 g5 16. Bg3 O-O 17. Ne5 Rd8 18. Nxc6 bxc6 19. Nb1 Ra7 20. a4 Ba6 21. Na3
Rda8 22. Nc2 Bc8 23. Rcb1 Nd7 24. Nb4 Rxa4 25. Rxa4 Rxa4 26. Nxc6 Ra2+ 27. Kd1
Bf8 28. e4 Nf6 29. exd5 Nxd5 30. Bxd5 exd5 31. Rb8 Bd7 32. Ne7+ Kg7 33. Nxd5
Ba4+ 34. Kc1 Ba3+ 35. Kb1 Bb3 36. Be5+ f6 37. Nxf6 Rb2+ 38. Ka1 Ra2+ 39. Kb1
Rb2+ 40. Ka1 Re2 41. Ne4+ Kf7 42. Rb7+ Kf8 43. Bd6+ Bxd6 44. Nxd6 Re1+ 45. Kb2
Re2+ 46. Ka3 Rxf2 47. Nf5 Rf3 48. Kb4 Rxh3 49. d5 Bd1 50. d6 Bxg4 51. d7 Rd3
52. Rb8+ Kf7 53. Nxh6+ 1-0

[Event "10. Open Pueblo Nuevo 2023"]
[Site "Madrid ESP"]
[Date "2023.09.28"]
[Round "6.6"]
[White "Iriarte Diez, Enrique"]
[Black "Toledo Aguirre, Gonzalo"]
[Result "1/2-1/2"]
[WhiteElo "1872"]
[BlackElo "1752"]
[PlyCount "112"]
[EventDate "2023.09.23"]
[EventType "swiss"]
[EventRounds "9"]
[EventCountry "ESP"]
[SourceTitle "Ajedrez en Madrid"]
[Source "lmi"]
[SourceDate "2023.09.23"]
[SourceVersion "1"]
[SourceVersionDate "2023.10.01"]
[SourceQuality "1"]

1. e4 e6 2. Qe2 Nc6 3. Nf3 e5 4. g3 Nf6 5. Bg2 Bc5 6. O-O O-O 7. c3 a5 8. Nxe5
Nxe5 9. d4 Bb6 10. dxe5 Ne8 11. Be3 Bxe3 12. Qxe3 d6 13. exd6 Nxd6 14. Nd2 Re8
15. Qc5 b6 16. Qd4 c5 17. Qa4 Bd7 18. Qc2 Bc6 19. c4 Qc7 20. a4 Qb7 21. f3 f6
22. Nb1 Rad8 23. b3 Qf7 24. Nc3 h5 25. Rae1 h4 26. Qf2 hxg3 27. Qxg3 f5 28. Bh3
Re6 29. Qh4 Rde8 30. Nd5 Rh6 31. Qf4 g5 32. Qg3 f4 33. Qg2 Qg7 34. Nxb6 Rb8 35.
Nd5 Rxb3 36. Rb1 Bxa4 37. Nb6 Rxb1 38. Rxb1 Bc6 39. Rd1 a4 40. Bg4 a3 41. Qa2
Qb2 42. Qxb2 axb2 43. Rb1 Rh7 44. Rxb2 Rb7 45. Be6+ Kg7 46. Bd5 Rc7 47. Kf2 Kf6
48. Ke2 Be8 49. Kd3 Ra7 50. Bg8 Ra3+ 51. Ke2 Bh5 52. Nd7+ Kg7 53. Bd5 Bxf3+ 54.
Kf2 Nxe4+ 55. Bxe4 Bxe4 56. Nxc5 Bc6 1/2-1/2

[Event "10. Open Pueblo Nuevo 2023"]
[Site "Madrid ESP"]
[Date "2023.09.28"]
[Round "6.7"]
[White "Pena Hernandez, Francisco Javier"]
[Black "Becerra Baigorri, Jose"]
[Result "1/2-1/2"]
[WhiteElo "1769"]
[BlackElo "1494"]
[PlyCount "87"]
[EventDate "2023.09.23"]
[EventType "swiss"]
[EventRounds "9"]
[EventCountry "ESP"]
[SourceTitle "Ajedrez en Madrid"]
[Source "lmi"]
[SourceDate "2023.09.23"]
[SourceVersion "1"]
[SourceVersionDate "2023.10.01"]
[SourceQuality "1"]

1. Nf3 d5 2. d4 Nf6 3. g3 e6 4. Bg2 Be7 5. c4 c6 6. Nbd2 O-O 7. O-O Nbd7 8. b3
b6 9. Bb2 Bb7 10. Ne5 Nxe5 11. dxe5 Nd7 12. Qc2 f6 13. Bh3 f5 14. Rac1 dxc4 15.
Qxc4 Nc5 16. Rfd1 Ba6 17. Qc2 Bxe2 18. Re1 Bd3 19. Qc3 Ne4 20. Nxe4 Bxe4 21.
Red1 Bd5 22. Bg2 Qc8 23. Bxd5 cxd5 24. Qc7 Bc5 25. Qxc8 Raxc8 26. Rc2 Be7 27.
Rdc1 Rxc2 28. Rxc2 Bc5 29. a3 a5 30. Kg2 Rd8 31. f4 Rd7 32. Kf3 Kf7 33. h3 h5
34. g4 hxg4+ 35. hxg4 g6 36. gxf5 gxf5 37. Rh2 Kg7 38. Rg2+ Kh7 39. Rh2+ Kg7
40. Rg2+ Kf7 41. Rh2 Re7 42. Rh8 Kg7 43. Rh5 Rf7 44. a4 1/2-1/2

[Event "10. Open Pueblo Nuevo 2023"]
[Site "Madrid ESP"]
[Date "2023.09.28"]
[Round "6.8"]
[White "De la Torre Campo, Rafael"]
[Black "Martin Garcia, Francisco Javier"]
[Result "1-0"]
[WhiteElo "1719"]
[BlackElo "1560"]
[PlyCount "67"]
[EventDate "2023.09.23"]
[EventType "swiss"]
[EventRounds "9"]
[EventCountry "ESP"]
[SourceTitle "Ajedrez en Madrid"]
[Source "lmi"]
[SourceDate "2023.09.23"]
[SourceVersion "1"]
[SourceVersionDate "2023.10.01"]
[SourceQuality "1"]

1. d4 Nf6 2. Nf3 d5 3. e3 g6 4. c4 Bg7 5. Nc3 O-O 6. h3 c5 7. Be2 dxc4 8. Bxc4
cxd4 9. Qxd4 Bd7 10. O-O Nc6 11. Qh4 Rc8 12. Bb3 Na5 13. e4 Nxb3 14. axb3 Bc6
15. Bh6 Bxe4 16. Bxg7 Bxf3 17. Bxf8 Bxg2 18. Kxg2 Rxc3 19. bxc3 Qd5+ 20. Kg1
Kxf8 21. Rfe1 Kg7 22. c4 Qc5 23. Rad1 Qb4 24. Re3 b5 25. Qd4 bxc4 26. Qxc4 Qa5
27. Rde1 Qg5+ 28. Rg3 Qd5 29. Qe2 Qd7 30. Qxe7 Qd2 31. Qe5 a5 32. Rf3 Kh6 33.
Rxf6 Qd7 34. Qf4+ 1-0

[Event "10. Open Pueblo Nuevo 2023"]
[Site "Madrid ESP"]
[Date "2023.09.28"]
[Round "6.9"]
[White "Aldea Moreno, Marina"]
[Black "Martinez Miura, Enrique"]
[Result "1-0"]
[WhiteElo "1643"]
[BlackElo "1473"]
[PlyCount "75"]
[EventDate "2023.09.23"]
[EventType "swiss"]
[EventRounds "9"]
[EventCountry "ESP"]
[SourceTitle "Ajedrez en Madrid"]
[Source "lmi"]
[SourceDate "2023.09.23"]
[SourceVersion "1"]
[SourceVersionDate "2023.10.01"]
[SourceQuality "1"]

1. e4 e6 2. d4 d5 3. e5 c5 4. c3 cxd4 5. cxd4 Nc6 6. Nf3 Bd7 7. Nc3 a6 8. Bd3
Nge7 9. O-O Ng6 10. Be3 Be7 11. Rc1 b5 12. g3 O-O 13. h4 f5 14. exf6 Bxf6 15.
Bxg6 hxg6 16. Kg2 Be8 17. Qd3 Nb4 18. Qd2 Nc6 19. Rfe1 Rc8 20. Bf4 Qd7 21. Ne2
Qf7 22. Neg1 Qd7 23. Nh3 Bf7 24. Nhg5 Rfe8 25. a3 Qa7 26. Rcd1 Qd7 27. Qd3 Nxd4
28. Nxd4 e5 29. Bxe5 Rxe5 30. Rxe5 Bxe5 31. Rd2 Bf6 32. Nxf7 Qxf7 33. Ne2 g5
34. Qf5 Re8 35. hxg5 Qh5 36. Qxd5+ Kh8 37. Nf4 Qg4 38. gxf6 1-0

[Event "10. Open Pueblo Nuevo 2023"]
[Site "Madrid ESP"]
[Date "2023.09.28"]
[Round "6.10"]
[White "Martin Sanchez, Fernando"]
[Black "Jimenez Gonzalez, Marcos"]
[Result "0-1"]
[WhiteElo "1486"]
[BlackElo "1775"]
[PlyCount "44"]
[EventDate "2023.09.23"]
[EventType "swiss"]
[EventRounds "9"]
[EventCountry "ESP"]
[SourceTitle "Ajedrez en Madrid"]
[Source "lmi"]
[SourceDate "2023.09.23"]
[SourceVersion "1"]
[SourceVersionDate "2023.10.01"]
[SourceQuality "1"]

1. b4 e5 2. Bb2 Bxb4 3. Bxe5 Nf6 4. c4 O-O 5. Nf3 Nc6 6. Bb2 d5 7. e3 Bg4 8. h3
Bh5 9. g4 Bg6 10. a3 Ba5 11. Nc3 d4 12. Nb1 dxe3 13. fxe3 Re8 14. Nc3 Qd6 15.
Qe2 Bxc3 16. Bxc3 Ne4 17. Rg1 Nxc3 18. dxc3 Rad8 19. Kf2 Ne5 20. Bg2 Nd3+ 21.
Kf1 Nf4 22. Qf2 Qd3+ 0-1

[Event "10. Open Pueblo Nuevo 2023"]
[Site "Madrid ESP"]
[Date "2023.09.28"]
[Round "6.11"]
[White "Fernandez Liria, Cristobal"]
[Black "Benito Mellado, Humberto"]
[Result "1-0"]
[WhiteElo "1634"]
[BlackElo "1335"]
[PlyCount "83"]
[EventDate "2023.09.23"]
[EventType "swiss"]
[EventRounds "9"]
[EventCountry "ESP"]
[SourceTitle "Ajedrez en Madrid"]
[Source "lmi"]
[SourceDate "2023.09.23"]
[SourceVersion "1"]
[SourceVersionDate "2023.10.01"]
[SourceQuality "1"]

1. e4 c5 2. d4 cxd4 3. c3 dxc3 4. Nxc3 d6 5. Nf3 a6 6. Bc4 Nf6 7. e5 Ng8 8. Bf4
Nc6 9. Ng5 Nh6 10. e6 f6 11. Nf7 Nxf7 12. exf7+ Kd7 13. Be3 e6 14. O-O b5 15.
Bb3 Na5 16. Bxe6+ Kxe6 17. Qd5+ Ke7 18. Qxa8 Kxf7 19. Qa7+ Be7 20. Rfe1 Nc6 21.
Qb6 Qd7 22. Bf4 Bd8 23. Qe3 Re8 24. Qxe8+ Qxe8 25. Rxe8 Kxe8 26. Bxd6 Be6 27.
Ne4 Bb6 28. Re1 Kf7 29. Nc5 Bc8 30. Rc1 Na7 31. Bb8 Kg6 32. Na4 bxa4 33. Bxa7
Bxa7 34. Rxc8 Bd4 35. Rc4 Bxb2 36. Rxa4 h5 37. Rxa6 Kg5 38. a4 h4 39. Rc6 Bd4
40. a5 f5 41. a6 Kg4 42. Rc4 1-0